| 000 | 00680nam a2200265Ia 4500 | ||
|---|---|---|---|
| 001 | 38566 | ||
| 005 | 20240114002015.0 | ||
| 007 | ta | ||
| 008 | 070724s1972 a g b000 u 465 u | ||
| 020 | _cHB | ||
| 040 | _aCotton College Assam | ||
| 041 | _a465 | ||
| 082 |
_a954.023 _bSa 73 H |
||
| 100 | _aSarkar, Jadunath . | ||
| 245 | 0 |
_aHistory of Aurangazib / _cJadunath Sarkar. _hTextual Documents |
|
| 250 | _a1st ed. / | ||
| 260 |
_aCalcutta : _bM. C. Sarkar & Sons , _c1972. |
||
| 300 |
_a376p. : _bill ; _c19cm . |
||
| 362 | _aVol.I- | ||
| 653 | _aHistory-Aurangazib | ||
| 653 | _aG-History | ||
| 942 |
_2ddc _cBK |
||
| 999 |
_c38538 _d38538 |
||